| 000 | 00496nam a2200193Ia 4500 | ||
|---|---|---|---|
| 003 | OSt | ||
| 005 | 20260413153104.0 | ||
| 020 | _a978-9966-046-12-3 | ||
| 040 | _cLC | ||
| 050 | _aKSK 3760 .M 85 2017 | ||
| 100 | _aMUIGUA,KARIUKI | ||
| 245 | 0 | _aSETTLING DISPUTES THROUGH ARBITRATION IN KENYA | |
| 250 | _a3 | ||
| 260 |
_aNAIROBI, _bGLENWOOD PUBLISHERS LIMITED, _c2017, |
||
| 300 | _aXiV, 229 P, ILL | ||
| 500 | _aINCLUDES INDEX | ||
| 650 | _aArbitration and award-Kenya | ||
| 942 |
_cBK _2lcc |
||
| 999 |
_c166234 _d166234 |
||